[Event "N1 Reykjavik Open 2014"]
[Site "Reykjavik, Iceland"]
[Date "2014.03.11"]
[Round "9.9"]
[White "Ramirez, Alejandro"]
[Black "Harika, Dronavalli"]
[Result "0-1"]
[WhiteElo "2599"]
[BlackElo "2487"]
[LiveChessVersion "1.4.2"]

1. d4 
    {[%clk 1:30:57]}
1. ... Nf6 
    {[%clk 1:30:52]}
2. c4 
    {[%clk 1:31:24]}
2. ... g6 
    {[%clk 1:31:17]}
3. g3 
    {[%clk 1:31:48]}
3. ... Bg7 
    {[%clk 1:31:19]}
4. Bg2 
    {[%clk 1:32:12]}
4. ... O-O 
    {[%clk 1:31:28]}
5. Nc3 
    {[%clk 1:32:25]}
5. ... d6 
    {[%clk 1:31:51]}
6. Nf3 
    {[%clk 1:32:50]}
6. ... Nbd7 
    {[%clk 1:32:00]}
7. O-O 
    {[%clk 1:33:13]}
7. ... e5 
    {[%clk 1:32:08]}
8. e4 
    {[%clk 1:33:20]}
8. ... exd4 
    {[%clk 1:32:11]}
9. Nxd4 
    {[%clk 1:33:43]}
9. ... Nc5 
    {[%clk 1:32:13]}
10. Nb3 
    {[%clk 1:30:23]}
10. ... Nfd7 
    {[%clk 1:09:23]}
11. Be3 
    {[%clk 1:23:41]}
11. ... a5 
    {[%clk 1:09:20]}
12. Qc2 
    {[%clk 1:21:32]}
12. ... Ne6 
    {[%clk 1:05:16]}
13. Rad1 
    {[%clk 1:16:41]}
13. ... Ne5 
    {[%clk 1:04:07]}
14. Qe2 
    {[%clk 1:15:27]}
14. ... a4 
    {[%clk 1:03:27]}
15. Nc1 
    {[%clk 1:15:01]}
15. ... a3 
    {[%clk 1:02:01]}
16. b3 
    {[%clk 1:13:41]}
16. ... Ng4 
    {[%clk 1:01:39]}
17. Qxg4 
    {[%clk 1:09:31]}
17. ... Bxc3 
    {[%clk 1:01:54]}
18. Qe2 
    {[%clk 1:04:28]}
18. ... Qe7 
    {[%clk 0:55:57]}
19. Qc2 
    {[%clk 1:00:16]}
19. ... Bg7 
    {[%clk 0:55:03]}
20. Ne2 
    {[%clk 0:59:19]}
20. ... Re8 
    {[%clk 0:45:59]}
21. Nc3 
    {[%clk 0:50:48]}
21. ... c6 
    {[%clk 0:46:10]}
22. Rfe1 
    {[%clk 0:48:58]}
22. ... h5 
    {[%clk 0:39:43]}
23. h4 
    {[%clk 0:40:37]}
23. ... Ra6 
    {[%clk 0:34:05]}
24. b4 
    {[%clk 0:30:26]}
24. ... Bd7 
    {[%clk 0:32:56]}
25. Ne2 
    {[%clk 0:30:05]}
25. ... b5 
    {[%clk 0:29:58]}
26. Qd3 
    {[%clk 0:26:12]}
26. ... bxc4 
    {[%clk 0:29:06]}
27. Qxd6 
    {[%clk 0:20:07]}
27. ... Qxd6 
    {[%clk 0:27:15]}
28. Rxd6 
    {[%clk 0:20:34]}
28. ... Bc8 
    {[%clk 0:27:40]}
29. Rc1 
    {[%clk 0:20:24]}
29. ... Ra4 
    {[%clk 0:17:44]}
30. e5 
    {[%clk 0:08:12]}
30. ... Rxb4 
    {[%clk 0:14:38]}
31. Bxc6 
    {[%clk 0:08:40]}
31. ... Re7 
    {[%clk 0:13:31]}
32. f4 
    {[%clk 0:08:24]}
32. ... Bb7 
    {[%clk 0:09:22]}
33. Nc3 
    {[%clk 0:06:14]}
33. ... Bxc6 
    {[%clk 0:09:41]}
34. Rxc6 
    {[%clk 0:06:42]}
34. ... Rd7 
    {[%clk 0:09:57]}
35. Rc8+ 
    {[%clk 0:05:46]}
35. ... Kh7 
    {[%clk 0:10:00]}
36. Ra8 
    {[%clk 0:05:01]}
36. ... Rb2 
    {[%clk 0:09:27]}
37. Rxa3 
    {[%clk 0:04:49]}
37. ... Rd3 
    {[%clk 0:09:33]}
38. Bf2 
    {[%clk 0:03:38]}
38. ... Bf8 
    {[%clk 0:09:38]}
39. Ra4 
    {[%clk 0:03:31]}
39. ... Bc5 
    {[%clk 0:09:19]}
40. Bxc5 
    {[%clk 0:33:31]}
40. ... Rxg3+ 
    {[%clk 0:39:15]}
41. Kf1 
    {[%clk 0:29:32]}
41. ... Rf3+ 
    {[%clk 0:38:35]}
42. Kg1 
    {[%clk 0:29:28]}
42. ... Nxf4 
    {[%clk 0:36:00]}
43. Ne2 
    {[%clk 0:26:22]}
43. ... Nxe2+ 
    {[%clk 0:32:58]}
44. Kg2 
    {[%clk 0:26:47]}
44. ... Rc3 
    {[%clk 0:31:52]}
0-1

[Event "N1 Reykjavik Open 2014"]
[Site "Reykjavik, Iceland"]
[Date "2014.03.11"]
[Round "9.10"]
[White "Pavlovic, Milos"]
[Black "Abrahamyan, Tatev"]
[Result "1/2-1/2"]
[WhiteElo "2506"]
[BlackElo "2376"]
[LiveChessVersion "1.4.2"]

1. Nf3 
    {[%clk 1:30:43]}
1. ... c5 
    {[%clk 1:30:47]}
2. c4 
    {[%clk 1:30:55]}
2. ... Nc6 
    {[%clk 1:31:06]}
3. g3 
    {[%clk 1:31:15]}
3. ... e5 
    {[%clk 1:31:11]}
4. Nc3 
    {[%clk 1:31:37]}
4. ... g6 
    {[%clk 1:31:20]}
5. Bg2 
    {[%clk 1:31:55]}
5. ... Bg7 
    {[%clk 1:31:36]}
6. O-O 
    {[%clk 1:32:07]}
6. ... Nge7 
    {[%clk 1:31:54]}
7. a3 
    {[%clk 1:32:32]}
7. ... O-O 
    {[%clk 1:31:57]}
8. Rb1 
    {[%clk 1:32:57]}
8. ... d5 
    {[%clk 1:29:29]}
9. cxd5 
    {[%clk 1:33:21]}
9. ... Nxd5 
    {[%clk 1:29:56]}
10. Nxd5 
    {[%clk 1:33:46]}
10. ... Qxd5 
    {[%clk 1:30:22]}
11. d3 
    {[%clk 1:34:08]}
11. ... Qd6 
    {[%clk 1:28:06]}
12. Be3 
    {[%clk 1:31:29]}
12. ... Bd7 
    {[%clk 1:13:41]}
13. b4 
    {[%clk 1:18:08]}
13. ... cxb4 
    {[%clk 1:11:38]}
14. axb4 
    {[%clk 1:15:41]}
14. ... Nxb4 
    {[%clk 0:56:59]}
15. Nd2 
    {[%clk 1:16:02]}
15. ... Nd5 
    {[%clk 0:54:26]}
16. Rxb7 
    {[%clk 1:06:54]}
16. ... Bc6 
    {[%clk 0:50:05]}
17. Ne4 
    {[%clk 0:58:46]}
17. ... Qd8 
    {[%clk 0:44:57]}
18. Bg5 
    {[%clk 0:56:48]}
18. ... f6 
    {[%clk 0:30:34]}
19. Nc5 
    {[%clk 0:39:05]}
19. ... Qd6 
    {[%clk 0:20:43]}
20. Ne4 
    {[%clk 0:19:34]}
20. ... Qd8 
    {[%clk 0:16:02]}
21. Nc5 
    {[%clk 0:15:57]}
21. ... Qd6 
    {[%clk 0:15:43]}
22. Ne4 
    {[%clk 0:05:45]}
22. ... Qd8 
    {[%clk 0:14:44]}
23. Nc5 
    {[%clk 0:06:06]}
1/2-1/2

[Event "N1 Reykjavik Open 2014"]
[Site "Reykjavik, Iceland"]
[Date "2014.03.11"]
[Round "9.11"]
[White "Kjartansson, Gudmundur"]
[Black "Berkes, Ferenc"]
[Result "1/2-1/2"]
[WhiteElo "2441"]
[BlackElo "2687"]
[EventDate "2014.??.??"]
[Annotator "peturla"]
[PlyCount "131"]
[TimeControl "6000+1985"]
[WhiteClock "0:01:00"]
[BlackClock "0:06:59"]

1. Nf3 Nf6 2. c4 g6 3. g3 Bg7 4. Nc3 O-O 5. Bg2 d6 6. d4 Nbd7 7. O-O e5 8.
 e4 h6 9. h3 Nh7 10. dxe5 Nxe5 11. Nxe5 dxe5 12. Be3 c6 13. Qxd8 Rxd8 14. 
Rfd1 Re8 15. Rd2 Ng5 16. Kh2 Ne6 17. Rad1 h5 18. c5 Kh7 19. Ne2 a5 20. a4 
Bh6 21. Bxh6 Kxh6 22. Rc2 Nc7 23. Nc1 Be6 24. Bf1 Kg7 25. Bc4 h4 26. Bxe6 
Nxe6 27. Nb3 Reb8 28. Rc3 b5 29. cxb6 Rxb6 30. gxh4 Rb4 31. Nc5 Nxc5 32. 
Rxc5 Rxe4 33. b3 Re2 34. Kg3 Rb8 35. Rd3 e4 36. Rdc3 f5 37. h5 Rf8 38. 
Rxc6 f4+ 39. Kh4 gxh5 40. Rc7+ Rf7 41. f3 Rxc7 42. Rxc7+ Kf6 43. fxe4 Rxe4
44. Rc6+ Re6 45. Rc5 Re5 46. Rc6+ Kf5 47. Rc4 Re8 48. b4 Re4 49. Rc5+ Kg6 
50. bxa5 f3+ 51. Kg3 Rxa4 52. Rc6+ Kf5 53. a6 h4+ 54. Kxf3 Ra3+ 55. Ke2 
Ke4 56. Kd2 Kd4 57. Rg6 Ra2+ 58. Kc1 Kc3 59. Kb1 Ra5 60. Rc6+ Kb4 61. Rh6 
Kb5 62. Rxh4 Rxa6 63. Kc2 Ra3 64. Kd2 Kc5 65. Ke2 Kd5 66. Kf2 1/2-1/2

[Event "N1 Reykjavik Open 2014"]
[Site "Reykjavik, Iceland"]
[Date "2014.03.11"]
[Round "9.12"]
[White "Stefansson, Hannes"]
[Black "Norowitz, Yaacov"]
[Result "1-0"]
[WhiteElo "2541"]
[BlackElo "2430"]
[LiveChessVersion "1.4.2"]

1. d4 
    {[%clk 1:29:21]}
1. ... Nf6 
    {[%clk 1:30:25]}
2. c4 
    {[%clk 1:29:31]}
2. ... e6 
    {[%clk 1:29:35]}
3. Nf3 
    {[%clk 1:29:31]}
3. ... Bb4+ 
    {[%clk 1:28:12]}
4. Nc3 
    {[%clk 1:28:55]}
4. ... b6 
    {[%clk 1:17:11]}
5. Bg5 
    {[%clk 1:27:25]}
5. ... Bb7 
    {[%clk 1:13:05]}
6. Nd2 
    {[%clk 1:27:05]}
6. ... h6 
    {[%clk 1:07:29]}
7. Bh4 
    {[%clk 1:27:00]}
7. ... Be7 
    {[%clk 0:59:51]}
8. e4 
    {[%clk 1:09:40]}
8. ... d6 
    {[%clk 0:49:33]}
9. Bd3 
    {[%clk 0:59:31]}
9. ... e5 
    {[%clk 0:46:41]}
10. Bxf6 
    {[%clk 0:55:39]}
10. ... Bxf6 
    {[%clk 0:47:02]}
11. d5 
    {[%clk 0:55:45]}
11. ... a5 
    {[%clk 0:43:54]}
12. a3 
    {[%clk 0:53:54]}
12. ... Nd7 
    {[%clk 0:37:34]}
13. O-O 
    {[%clk 0:52:42]}
13. ... O-O 
    {[%clk 0:31:55]}
14. b4 
    {[%clk 0:52:10]}
14. ... Bg5 
    {[%clk 0:28:27]}
15. Qe2 
    {[%clk 0:47:11]}
15. ... g6 
    {[%clk 0:23:54]}
16. Rfb1 
    {[%clk 0:46:36]}
16. ... f5 
    {[%clk 0:23:03]}
17. Nb3 
    {[%clk 0:45:48]}
17. ... a4 
    {[%clk 0:22:55]}
18. Nd2 
    {[%clk 0:45:23]}
18. ... Bc8 
    {[%clk 0:22:57]}
19. f3 
    {[%clk 0:40:21]}
19. ... Nf6 
    {[%clk 0:20:50]}
20. c5 
    {[%clk 0:39:59]}
20. ... Nh5 
    {[%clk 0:20:00]}
21. g3 
    {[%clk 0:38:19]}
21. ... dxc5 
    {[%clk 0:12:39]}
22. bxc5 
    {[%clk 0:38:36]}
22. ... Be7 
    {[%clk 0:11:01]}
23. d6 
    {[%clk 0:37:22]}
23. ... cxd6 
    {[%clk 0:11:22]}
24. cxb6 
    {[%clk 0:37:31]}
24. ... d5 
    {[%clk 0:11:08]}
25. b7 
    {[%clk 0:35:26]}
25. ... Bxb7 
    {[%clk 0:10:13]}
26. Rxb7 
    {[%clk 0:35:50]}
26. ... dxe4 
    {[%clk 0:10:32]}
27. Bc4+ 
    {[%clk 0:33:16]}
27. ... Kh8 
    {[%clk 0:10:57]}
28. Nd5 
    {[%clk 0:33:14]}
28. ... Bc5+ 
    {[%clk 0:10:46]}
29. Kh1 
    {[%clk 0:30:21]}
29. ... Bd4 
    {[%clk 0:06:59]}
30. Rab1 
    {[%clk 0:28:59]}
30. ... e3 
    {[%clk 0:05:12]}
31. Nxe3 
    {[%clk 0:28:45]}
31. ... f4 
    {[%clk 0:05:29]}
32. Nef1 
    {[%clk 0:28:51]}
32. ... Qd6 
    {[%clk 0:04:53]}
33. g4 
    {[%clk 0:27:57]}
33. ... Nf6 
    {[%clk 0:05:17]}
34. Qd3 
    {[%clk 0:27:43]}
34. ... e4 
    {[%clk 0:05:27]}
35. Nxe4 
    {[%clk 0:27:07]}
35. ... Nxe4 
    {[%clk 0:05:50]}
36. Qxe4 
    {[%clk 0:24:54]}
36. ... Rae8 
    {[%clk 0:06:01]}
37. Qd3 
    {[%clk 0:24:37]}
1-0

[Event "N1 Reykjavik Open 2014"]
[Site "Reykjavik, Iceland"]
[Date "2014.03.11"]
[Round "9.13"]
[White "Thorhallsson, Throstur"]
[Black "Molner, Mackenzie"]
[Result "1/2-1/2"]
[WhiteElo "2435"]
[BlackElo "2528"]
[LiveChessVersion "1.4.2"]

1. e4 
    {[%clk 1:30:57]}
1. ... c5 
    {[%clk 1:30:51]}
2. Nf3 
    {[%clk 1:30:38]}
2. ... d6 
    {[%clk 1:31:13]}
3. d4 
    {[%clk 1:30:58]}
3. ... cxd4 
    {[%clk 1:31:33]}
4. Nxd4 
    {[%clk 1:31:22]}
4. ... Nf6 
    {[%clk 1:31:56]}
5. Nc3 
    {[%clk 1:31:46]}
5. ... a6 
    {[%clk 1:32:21]}
6. Bg5 
    {[%clk 1:30:56]}
6. ... e6 
    {[%clk 1:31:27]}
7. f4 
    {[%clk 1:30:32]}
7. ... h6 
    {[%clk 1:31:33]}
8. Bh4 
    {[%clk 1:30:31]}
8. ... Qb6 
    {[%clk 1:31:43]}
9. Qd3 
    {[%clk 1:24:24]}
9. ... Qxb2 
    {[%clk 1:31:15]}
10. Rb1 
    {[%clk 1:20:46]}
10. ... Qa3 
    {[%clk 1:31:32]}
11. f5 
    {[%clk 1:17:07]}
11. ... Nc6 
    {[%clk 1:27:52]}
12. fxe6 
    {[%clk 1:16:21]}
12. ... Bxe6 
    {[%clk 1:26:28]}
13. Nxe6 
    {[%clk 1:07:04]}
13. ... fxe6 
    {[%clk 1:26:46]}
14. Bxf6 
    {[%clk 1:00:31]}
14. ... gxf6 
    {[%clk 1:26:56]}
15. Rxb7 
    {[%clk 1:00:45]}
15. ... Be7 
    {[%clk 0:49:56]}
16. Be2 
    {[%clk 0:55:12]}
16. ... Qc5 
    {[%clk 0:45:22]}
17. Rf1 
    {[%clk 0:45:33]}
17. ... Rg8 
    {[%clk 0:38:55]}
18. Qh3 
    {[%clk 0:40:09]}
18. ... Rg5 
    {[%clk 0:28:52]}
19. Rxf6 
    {[%clk 0:26:41]}
19. ... Nd8 
    {[%clk 0:23:09]}
20. Rxh6 
    {[%clk 0:15:47]}
20. ... Nxb7 
    {[%clk 0:19:44]}
21. Rh8+ 
    {[%clk 0:16:12]}
21. ... Kd7 
    {[%clk 0:19:55]}
22. Rxa8 
    {[%clk 0:16:36]}
22. ... Rg7 
    {[%clk 0:10:03]}
23. Nd5 
    {[%clk 0:10:29]}
23. ... Qg1+ 
    {[%clk 0:09:43]}
24. Kd2 
    {[%clk 0:08:29]}
24. ... Bg5+ 
    {[%clk 0:09:12]}
25. Ne3 
    {[%clk 0:04:08]}
25. ... Qa1 
    {[%clk 0:08:54]}
26. Qh8 
    {[%clk 0:04:10]}
26. ... Qd4+ 
    {[%clk 0:04:29]}
27. Ke1 
    {[%clk 0:04:28]}
27. ... Bd8 
    {[%clk 0:02:32]}
28. Qf8 
    {[%clk 0:01:43]}
28. ... Ba5+ 
    {[%clk 0:02:04]}
29. Kf1 
    {[%clk 0:01:49]}
29. ... Nd8 
    {[%clk 0:01:47]}
30. Ra7+ 
    {[%clk 0:01:42]}
30. ... Bc7 
    {[%clk 0:02:13]}
31. Nf5 
    {[%clk 0:00:34]}
31. ... exf5 
    {[%clk 0:01:18]}
32. Qxf5+ 
    {[%clk 0:01:03]}
32. ... Kc6 
    {[%clk 0:00:50]}
33. Rxa6+ 
    {[%clk 0:00:44]}
33. ... Kb7 
    {[%clk 0:01:02]}
34. Qd5+ 
    {[%clk 0:00:36]}
34. ... Qxd5 
    {[%clk 0:01:27]}
35. exd5 
    {[%clk 0:01:05]}
35. ... Rh7 
    {[%clk 0:00:41]}
36. h3 
    {[%clk 0:00:50]}
36. ... Rf7+ 
    {[%clk 0:01:08]}
37. Ke1 
    {[%clk 0:01:15]}
37. ... Bb6 
    {[%clk 0:01:01]}
38. Ra3 
    {[%clk 0:01:25]}
38. ... Re7 
    {[%clk 0:00:46]}
39. h4 
    {[%clk 0:00:59]}
39. ... Nf7 
    {[%clk 0:01:00]}
40. Rf3 
    {[%clk 0:30:39]}
40. ... Ne5 
    {[%clk 0:31:01]}
41. Rf6 
    {[%clk 0:30:39]}
41. ... Kc7 
    {[%clk 0:25:27]}
42. Kf1 
    {[%clk 0:29:07]}
1/2-1/2

[Event "N1 Reykjavik Open 2014"]
[Site "Reykjavik, Iceland"]
[Date "2014.03.11"]
[Round "9.14"]
[White "L'Ami, Alina"]
[Black "Kristjansson, Stefan"]
[Result "1-0"]
[WhiteElo "2398"]
[BlackElo "2503"]
[LiveChessVersion "1.4.2"]

1. d4 
    {[%clk 1:30:57]}
1. ... Nf6 
    {[%clk 1:30:40]}
2. c4 
    {[%clk 1:31:21]}
2. ... e6 
    {[%clk 1:30:40]}
3. Nc3 
    {[%clk 1:31:46]}
3. ... c5 
    {[%clk 1:30:11]}
4. d5 
    {[%clk 1:32:11]}
4. ... exd5 
    {[%clk 1:30:34]}
5. cxd5 
    {[%clk 1:32:38]}
5. ... d6 
    {[%clk 1:30:52]}
6. e4 
    {[%clk 1:33:05]}
6. ... g6 
    {[%clk 1:31:12]}
7. f4 
    {[%clk 1:33:13]}
7. ... Bg7 
    {[%clk 1:31:32]}
8. Bb5+ 
    {[%clk 1:33:38]}
8. ... Nfd7 
    {[%clk 1:31:30]}
9. Nf3 
    {[%clk 1:33:58]}
9. ... a6 
    {[%clk 1:24:05]}
10. Bd3 
    {[%clk 1:30:32]}
10. ... b5 
    {[%clk 1:24:03]}
11. O-O 
    {[%clk 1:29:35]}
11. ... O-O 
    {[%clk 1:23:56]}
12. Kh1 
    {[%clk 1:29:55]}
12. ... b4 
    {[%clk 1:05:16]}
13. Ne2 
    {[%clk 1:27:14]}
13. ... a5 
    {[%clk 1:01:35]}
14. f5 
    {[%clk 1:19:09]}
14. ... Ba6 
    {[%clk 0:59:58]}
15. Bg5 
    {[%clk 1:09:59]}
15. ... Qb6 
    {[%clk 0:58:14]}
16. Bxa6 
    {[%clk 1:04:32]}
16. ... Qxa6 
    {[%clk 0:52:55]}
17. Qd2 
    {[%clk 1:02:43]}
17. ... Re8 
    {[%clk 0:31:45]}
18. Ng3 
    {[%clk 0:54:09]}
18. ... Ne5 
    {[%clk 0:28:08]}
19. Nxe5 
    {[%clk 0:28:02]}
19. ... Rxe5 
    {[%clk 0:27:41]}
20. Bh6 
    {[%clk 0:22:56]}
20. ... Bh8 
    {[%clk 0:24:25]}
21. Qf4 
    {[%clk 0:19:49]}
21. ... Ra7 
    {[%clk 0:13:35]}
22. Nh5 
    {[%clk 0:17:06]}
22. ... f6 
    {[%clk 0:12:37]}
23. Qg4 
    {[%clk 0:14:57]}
23. ... Qc8 
    {[%clk 0:09:39]}
24. Rae1 
    {[%clk 0:13:46]}
24. ... Rae7 
    {[%clk 0:08:56]}
25. Ng3 
    {[%clk 0:12:05]}
25. ... Qe8 
    {[%clk 0:04:08]}
26. fxg6 
    {[%clk 0:09:36]}
26. ... hxg6 
    {[%clk 0:04:30]}
27. Bf4 
    {[%clk 0:04:56]}
27. ... f5 
    {[%clk 0:01:45]}
28. Qd1 
    {[%clk 0:05:10]}
28. ... fxe4 
    {[%clk 0:02:06]}
29. Bxe5 
    {[%clk 0:05:27]}
29. ... Rxe5 
    {[%clk 0:02:33]}
30. Qg4 
    {[%clk 0:04:51]}
30. ... e3 
    {[%clk 0:02:49]}
31. Nf5 
    {[%clk 0:04:05]}
31. ... e2 
    {[%clk 0:00:41]}
32. Rf2 
    {[%clk 0:02:41]}
32. ... Re4 
    {[%clk 0:00:42]}
33. Rfxe2 
    {[%clk 0:02:16]}
33. ... Re5 
    {[%clk 0:00:43]}
34. Nxd6 
    {[%clk 0:02:21]}
1-0

[Event "N1 Reykjavik Open 2014"]
[Site "Reykjavik, Iceland"]
[Date "2014.03.11"]
[Round "9.15"]
[White "Danielsen, Henrik"]
[Black "Karavade, Eesha"]
[Result "1-0"]
[WhiteElo "2501"]
[BlackElo "2408"]
[LiveChessVersion "1.4.2"]

1. c4 e6 2. Nf3 Nf6 3. b3 d5 4. g3 Be7 5. Bg2 O-O 6. Bb2 c5 7. O-O Nc6 8. 
e3 a6 9. Qe2 b5 10. d3 Bb7 11. Nc3 Qb6 12. Rab1 Rad8 13. Ba1 d4 14. exd4 
Nxd4 15. Nxd4 Bxg2 16. Kxg2 cxd4 17. Ne4 Qc6 18. f3 e5 19. Rbc1 b4 20. Bb2
Nd7 21. Rc2 f5 22. Nf2 Rde8 23. Bc1 Bc5 24. g4 g6 25. Bg5 Bd6 26. gxf5 
gxf5 27. Rg1 Nc5 28. Kh1 Kh8 29. Rg2 Bc7 30. Rc1 e4 31. fxe4 fxe4 32. Qg4 
exd3 33. Rg1 Be5 34. Qh4 Rg8 35. Ng4 Rxg5 36. Qxg5 Bg7 37. Nf2 Bf6 38. Qf4
Rf8 39. Qh6 Rc8 40. Ng4 Bg7 41. Ne5 1-0

[Event "N1 Reykjavik Open 2014"]
[Site "Reykjavik, Iceland"]
[Date "2014.03.11"]
[Round "9.16"]
[White "Bekker-Jensen, Simon"]
[Black "Shoker, Samy"]
[Result "1-0"]
[WhiteElo "2418"]
[BlackElo "2466"]
[LiveChessVersion "1.4.2"]

1. d4 
    {[%clk 1:30:56]}
1. ... Nf6 
    {[%clk 1:30:50]}
2. c4 
    {[%clk 1:31:17]}
2. ... c5 
    {[%clk 1:31:12]}
3. d5 
    {[%clk 1:31:31]}
3. ... e6 
    {[%clk 1:31:37]}
4. Nc3 
    {[%clk 1:31:48]}
4. ... exd5 
    {[%clk 1:31:28]}
5. cxd5 
    {[%clk 1:32:11]}
5. ... d6 
    {[%clk 1:31:52]}
6. Nf3 
    {[%clk 1:31:01]}
6. ... g6 
    {[%clk 1:32:16]}
7. g3 
    {[%clk 1:31:24]}
7. ... Bg7 
    {[%clk 1:32:38]}
8. Bg2 
    {[%clk 1:31:42]}
8. ... O-O 
    {[%clk 1:32:59]}
9. O-O 
    {[%clk 1:31:51]}
9. ... a6 
    {[%clk 1:32:33]}
10. a4 
    {[%clk 1:31:08]}
10. ... Re8 
    {[%clk 1:32:50]}
11. Bf4 
    {[%clk 1:30:01]}
11. ... h6 
    {[%clk 1:23:09]}
12. Re1 
    {[%clk 1:22:44]}
12. ... Bf5 
    {[%clk 1:11:01]}
13. Qb3 
    {[%clk 1:15:24]}
13. ... b6 
    {[%clk 1:04:37]}
14. Nd2 
    {[%clk 1:06:52]}
14. ... g5 
    {[%clk 0:59:55]}
15. Be3 
    {[%clk 1:06:39]}
15. ... Ng4 
    {[%clk 0:46:22]}
16. Nc4 
    {[%clk 1:05:58]}
16. ... Ra7 
    {[%clk 0:35:24]}
17. Bd2 
    {[%clk 1:04:18]}
17. ... Rb7 
    {[%clk 0:33:01]}
18. e4 
    {[%clk 0:55:49]}
18. ... Bg6 
    {[%clk 0:30:38]}
19. h3 
    {[%clk 0:53:41]}
19. ... Ne5 
    {[%clk 0:30:13]}
20. Nxe5 
    {[%clk 0:53:43]}
20. ... Bxe5 
    {[%clk 0:29:59]}
21. f4 
    {[%clk 0:53:34]}
21. ... gxf4 
    {[%clk 0:29:08]}
22. gxf4 
    {[%clk 0:53:41]}
22. ... Bd4+ 
    {[%clk 0:29:17]}
23. Kh1 
    {[%clk 0:52:36]}
23. ... Qh4 
    {[%clk 0:29:22]}
24. e5 
    {[%clk 0:40:55]}
24. ... dxe5 
    {[%clk 0:24:54]}
25. Ne4 
    {[%clk 0:39:24]}
25. ... c4 
    {[%clk 0:16:59]}
26. Qxc4 
    {[%clk 0:38:00]}
26. ... b5 
    {[%clk 0:17:26]}
27. axb5 
    {[%clk 0:37:34]}
27. ... axb5 
    {[%clk 0:15:00]}
28. Qb3 
    {[%clk 0:35:45]}
28. ... Nd7 
    {[%clk 0:10:56]}
29. Nd6 
    {[%clk 0:29:38]}
29. ... Nc5 
    {[%clk 0:10:57]}
30. Qf3 
    {[%clk 0:28:31]}
30. ... Nd3 
    {[%clk 0:08:09]}
31. f5 
    {[%clk 0:20:56]}
31. ... Nf2+ 
    {[%clk 0:08:15]}
32. Kh2 
    {[%clk 0:21:09]}
32. ... Bh5 
    {[%clk 0:08:16]}
33. Re4 
    {[%clk 0:18:28]}
33. ... Nxe4 
    {[%clk 0:07:37]}
34. Qxe4 
    {[%clk 0:18:49]}
34. ... Qxe4 
    {[%clk 0:07:13]}
35. Bxe4 
    {[%clk 0:19:10]}
35. ... Rbb8 
    {[%clk 0:06:44]}
36. Nxe8 
    {[%clk 0:18:07]}
36. ... Rxe8 
    {[%clk 0:07:13]}
37. Bxh6 
    {[%clk 0:18:00]}
37. ... Kh7 
    {[%clk 0:06:29]}
38. Bg5 
    {[%clk 0:17:20]}
38. ... Bxb2 
    {[%clk 0:04:53]}
39. Ra6 
    {[%clk 0:16:40]}
39. ... f6 
    {[%clk 0:03:11]}
40. Rxf6 
    {[%clk 0:44:47]}
40. ... Kg8 
    {[%clk 0:32:56]}
41. d6 
    {[%clk 0:44:18]}
1-0

[Event "N1 Reykjavik Open 2014"]
[Site "Reykjavik, Iceland"]
[Date "2014.03.11"]
[Round "9.17"]
[White "Aravindh, Chithambaram Vr"]
[Black "Galego, Luis"]
[Result "1/2-1/2"]
[WhiteElo "2395"]
[BlackElo "2463"]
[EventDate "2014.??.??"]
[Annotator "peturla"]
[PlyCount "163"]
[TimeControl "6000+755"]
[WhiteClock "0:00:57"]
[BlackClock "0:02:45"]

1. e4 d6 2. d4 Nf6 3. Nc3 e5 4. Nf3 exd4 5. Nxd4 Be7 6. g3 O-O 7. Bg2 Bg4 
8. Nde2 Nc6 9. h3 Bxe2 10. Qxe2 Re8 11. O-O Bf8 12. Bg5 Nd4 13. Qc4 Ne6 
14. Be3 c6 15. a4 a5 16. Rad1 Qc8 17. Rd2 h6 18. Rfd1 Ng5 19. Kh2 Nfxe4 
20. Nxe4 d5 21. Nf6+ gxf6 22. Qd3 Ne4 23. Re2 Nd6 24. Rde1 Qf5 25. Qd1 Nc4
26. Bc1 Rxe2 27. Rxe2 Nd6 28. Qe1 Qd7 29. b3 b5 30. axb5 Nxb5 31. Bb2 Qf5 
32. Qa1 Bg7 33. Qa4 Qd7 34. b4 Qd8 35. c4 axb4 36. Qxb4 Nc7 37. cxd5 Nxd5 
38. Qg4 Qc8 39. Qd4 Qd7 40. Re4 Qf5 41. Qc5 Qd7 42. Rg4 h5 43. Rh4 Rb8 44.
 Qc2 Nb4 45. Qe2 Nd3 46. Rd4 Qb7 47. Ba3 Ne5 48. Bd6 Re8 49. Qxh5 Ng6 50. 
Rd2 Bf8 51. Bxf8 Kxf8 52. Qc5+ Ne7 53. Rd6 Qb2 54. Rxc6 Rd8 55. Rc7 Qe2 
56. h4 Rd2 57. Rc8+ Kg7 58. Re8 Rd7 59. Bh3 Rb7 60. Bg2 Rd7 61. Qb4 Ra7 
62. Qd6 Qe5 63. Qd8 Qc7 64. Qd4 Qd7 65. Qxd7 Rxd7 66. Be4 f5 67. Bf3 Kf6 
68. Ra8 Ng6 69. Ra6+ Kg7 70. Kg2 Ne5 71. Be2 Rd2 72. Kf1 f4 73. Ra5 Ng6 
74. h5 fxg3 75. fxg3 Ne7 76. Bf3 f5 77. Ra7 Kf6 78. h6 Rh2 79. Ra6+ Kg5 
80. Ra7 Kf6 81. g4 fxg4 82. Bxg4 1/2-1/2